000 00794nam a22002777a 4500
003 CHAP
005 20220329134526.0
008 971013s1968 r 00010 d
010 _a21644
011 _a22616
035 _a26711
040 _cCHAP
082 _a581.13342
_bA85
100 0 0 _aAsimov, Isaac.
_97955
245 _aPhotosynthesis
260 _aLondon :
_bAllen & Unwin,
_c(1968)
300 _a193 p
590 _aBATCH-UPD
_b10
_c20130110
_lUCH01
_h1011
590 _aBATCH-UPD
_b10
_c20130410
_lUCH01
_h0619
590 _aBATCH-UPD
_b10
_c20130914
_lUCH01
_h0419
590 _aCONVERSION
_b10
_c20130109
_lUCH01
_h1313
650 1 4 _aFotosíntesis.
_942737
901 _aBK
942 _cLIBRO
949 _a581.13342 A85
_bBC
_cLIBRO
_d33724000512885
_eLIBRO
_h14453
_i26711
_mD
_si
_t73.00
999 _c21644
_d21644